000 00810nam a2200253Ia 4500
003 OSt
005 20220923215840.0
006 a|||||r|||| 00| 0
007 ta
008 220922b |||||||| |||| 00| 0 hin d
024 _a182,189
037 _cTextual
040 _aARTS
_cARTS
_bhin
041 _2hin
_ahin
082 _aO152,1N44x, K9
100 _aगुप्त, अशेाक
_9156290
245 0 _aपरस्पर प्रकाश में
246 _aParaspar prakāsh mean
260 _aदिल्ली
_b दिल्ली पुस्तक सदन
_c1969
300 _a68 पृ.
_ccm.
650 _aहिन्दी साहित्य
_9156264
942 _hO152,1N44x, K9
_cTEXL
_2CC
999 _c335563
_d335563